000 00232nam a22001097a 4500
003 OSt
020 _a9789327228885
082 _a630
_bSIN/HA
100 _aSingh, S S
245 _aHandbook of Agricultural Sciences
942 _2ddc
_cBK
999 _c140198
_d140198